De los amores negados / (Registro nro. 6397)
[ vista simple ]
| 000 -LEADER | |
|---|---|
| fixed length control field | 01902cam a2200265 a 4500 |
| 003 - CONTROL NUMBER IDENTIFIER | |
| control field | OSt |
| 005 - DATE AND TIME OF LATEST TRANSACTION | |
| control field | 20250410132942.0 |
| 008 - FIXED-LENGTH DATA ELEMENTS--GENERAL INFORMATION | |
| fixed length control field | 230120s2003 ck r 000 f spa d |
| 020 ## - INTERNATIONAL STANDARD BOOK NUMBER | |
| International Standard Book Number | 97895881603832 |
| 035 ## - SYSTEM CONTROL NUMBER | |
| System control number | (Sirsi) a682364 |
| 040 ## - CATALOGING SOURCE | |
| Original cataloging agency | CO-BoPUJ |
| Transcribing agency | CO-JMCR |
| 041 0# - LANGUAGE CODE | |
| Language code of text/sound track or separate title | spa |
| 082 04 - DEWEY DECIMAL CLASSIFICATION NUMBER | |
| Classification number | A-N |
| Item number | BECd |
| 100 1# - MAIN ENTRY--PERSONAL NAME | |
| Personal name | Becerra, Ángela, |
| Relator term | autora |
| 9 (RLIN) | 24 |
| 245 10 - TITLE STATEMENT | |
| Title | De los amores negados / |
| Statement of responsibility, etc. | Ángela Becerra ; editor, Benjamín Villegas Jiménez |
| 260 ## - PUBLICATION, DISTRIBUTION, ETC. | |
| Place of publication, distribution, etc. | Bogotá : |
| Name of publisher, distributor, etc. | Villegas, |
| Date of publication, distribution, etc. | 2003 |
| 300 ## - PHYSICAL DESCRIPTION | |
| Extent | 461 páginas ; |
| Dimensions | 21 cm. |
| 490 0# - SERIES STATEMENT | |
| Series statement | Villegas. Novela |
| 500 ## - GENERAL NOTE | |
| General note | Incluye datos biográficos de la autora en la solapa anterior |
| 520 ## - SUMMARY, ETC. | |
| Summary, etc. | Con un brillante lenguaje literario y desde una visión profundamente femenina, en "De los amores negados" Ángela Becerra nos sumerge en la sensibilidad más refinada y la poesía, el humor más sutil y el "idealismo mágico", como podría definirse el nuevo género que ella inventa en esta novela.<br/>La historia de amor entre Fiamma dei Fiori y Martín Amador es como las olas del mar. Azota, golpea, acaricia, lame, viene y se va, en un vaivén de sentimientos encontrados que sumergen al lector en la vorágine de las contradicciones sentimentales. El amor y el desamor, el continuismo y la pasión, la espiritualidad y la rebeldía forman parte de la vida de Fiamma dei Fiori, una mujer entera y verdadera en el momento más pleno... y más vacío de su vida.<br/>Es una bellísima historia de amor que transcurre en una ciudad portuaria donde el tiempo parece acompañar los desasociegos de ésta pareja. Rebosante de vibraciones de vida, búsqueda, idealismos, sueños posibles e imposibles, alegrías y soledades, hasta conseguir lo que todos deseamos: encontrarnos a nosotros mismos. |
| 650 24 - SUBJECT ADDED ENTRY--TOPICAL TERM | |
| Topical term or geographic name entry element | Novela colombiana |
| 9 (RLIN) | 25 |
| 650 24 - SUBJECT ADDED ENTRY--TOPICAL TERM | |
| Topical term or geographic name entry element | Literatura colombiana |
| 9 (RLIN) | 23 |
| 700 1# - ADDED ENTRY--PERSONAL NAME | |
| Personal name | Villegas Jiménez, Benjamín, |
| Relator term | editor |
| 9 (RLIN) | 26 |
| 942 ## - ADDED ENTRY ELEMENTS (KOHA) | |
| Source of classification or shelving scheme | Dewey Decimal Classification |
| Koha item type | Books |
| Withdrawn status | Lost status | Source of classification or shelving scheme | Damaged status | Not for loan | Collection code | Home library | Current library | Date acquired | Source of acquisition | Total Checkouts | Total Renewals | Full call number | Barcode | Date last seen | Date last checked out | Copy number | Price effective from | Koha item type |
|---|---|---|---|---|---|---|---|---|---|---|---|---|---|---|---|---|---|---|
| Dewey Decimal Classification | Fiction | Biblioteca Pública José María del Castillo y Rada | Biblioteca Pública José María del Castillo y Rada | 01/23/2020 | Donación | 9 | 9 | A-N BECd | 201812011 | 04/02/2025 | 03/07/2025 | Ej.1 | 01/23/2020 | Books |